| 000 | 00589nam a2200229Ia 4500 | ||
|---|---|---|---|
| 003 | OSt | ||
| 005 | 20220918221418.0 | ||
| 006 | a|||||r|||| 00| 0 | ||
| 007 | ta | ||
| 008 | 220917b |||||||| |||| 00| 0 eng d | ||
| 024 | _a168,498 | ||
| 037 | _cTextual | ||
| 040 |
_aARTS _cARTS _beng |
||
| 041 |
_2eng _aeng |
||
| 082 | _aO152,1I80,1:g, J9 | ||
| 100 |
_af}osnh] gtkjhizlkn _9140454 |
||
| 245 | 0 | _atk;lh vkSj mudk inekor | |
| 260 | _c1959 | ||
| 650 | _afgUnh lkfgR; | ||
| 942 |
_hO152,1I80,1:g, J9 _cTEXL _2CC |
||
| 999 |
_c272462 _d272462 |
||